000 00453nam a2200169Ia 4500
008 241115s9999 xx 000 0 und d
020 _a0-07-049549-1
082 _a005.73 LIP
100 _aLipschutz, Seymour
245 0 _aSchaum's Outline Series Theory and Problems of Data Structures
250 _a.NA
260 _aNew York:
_bMcGraw Hill,
_c1986
300 _a344p.
600 _aComputer Science
650 _aComputer Science
942 _cBBD
999 _c24920
_d24920